Normal view
MARC view
Entry Nombre personal
001 - NÚMERO DE CONTROL
- campo de control: 33093
003 - IDENTIFICADOR DEL NÚMERO DE CONTROL
- campo de control: OSt
005 - FECHA Y HORA DE LA ÚLTIMA TRANSACCIÓN
- campo de control: 20200615033356.0
008 - DATOS DE LONGITUD FIJA
- campo de control de longitud fija: 200615|| aca||aabn | a|a d
040 ## - FUENTE DE LA CATALOGACIÓN
- Centro catalogador/agencia de origen: OSt
- Centro/agencia transcriptor: OSt
100 ## - ENCABEZAMIENTO-NOMBRE DE PERSONA
- Nombre de persona: BAQUÍJANO Y CARRILLO, JOSÉ,
- Títulos y otros términos asociados al nombre: III CONDE DE VISTAFLORIDA, DE LA REAL ORDEN DE CARLOS III. ESPAÑA
- Fechas asociadas al nombre: 1751-1817
- Subdivisión general: BIOGRAFÍAS
670 ## - FUENTE DE DATOS ENCONTRADOS
- Cita de la fuente: Work cat.: (OSt)14196: Puente Brunke, José de la, 1961- 33092, José Baquíjano y Carrillo /, 1995.
